[Event "Ch World (juniors) (under 12)"]
[Site "masterchessopen.com Caldas Novas (Brazil)"]
[Date "2011.11.18"]
[Round "1"]
[White "Schroeder Kevin"]
[Black "Viera Matias Nahuel"]
[Result "1-0"]
[WhiteElo "2030"]
[BlackElo "1614"]

1.d4 c6 2.c4 d5 3.Nf3 Nf6 4.Nc3 dxc4 5.a4 Bf5 6.e3 e6 7.Bxc4 Bb4 8.O-O O-O
9.Qe2 Nbd7 10.Rd1 Qc7 11.e4 Bg6 12.e5 Nd5 13.Bd2 Be7 14.Bxd5 cxd5 15.Rdc1 Qd8
16.Nb5 a6 17.Nd6 Qb6 18.Bf4 a5 19.Qb5 Qxb5 20.axb5 Bxd6 21.exd6 Bd3 22.Rc7
Bxb5 23.Rxb7 Rfb8 24.Rxb8+ Nxb8 25.Rc1 Nc6 26.Rc5 Na7 27.Rc7 Ba6 28.d7 Nb5
29.Rc6 {#r} 1-0

[Event "It (open)"]
[Site "masterchessopen.com Navalmoral (Spain)"]
[Date "2011.12.07"]
[Round "8"]
[White "Aloma Vidal Robert (ESP)"]
[Black "Palencia Wilson (COL)"]
[Result "1-0"]
[WhiteElo "2424"]
[BlackElo "2311"]

1.d4 d5 2.c4 c6 3.Nf3 Nf6 4.Nc3 dxc4 5.a4 Bf5 6.e3 e6 7.Bxc4 Bb4 8.O-O O-O
9.Qe2 Nbd7 10.e4 Bg6 11.Bd3 h6 12.Rd1 Qe7 13.Bf4 Nh5 14.Be3 e5 15.Bc4 exd4
16.Nxd4 Rad8 17.Nf5 Bxf5 18.exf5 Qh4 19.Rd4 {#r} 1-0

[Event "It (open)"]
[Site "masterchessopen.com Sevilla (Spain)"]
[Date "2012.01.08"]
[Round "2"]
[White "Fernandez-Martos Machado Eduardo (ESP)"]
[Black "Svetushkin Dmitry (MDA)"]
[Result "0-1"]
[WhiteElo "2133"]
[BlackElo "2598"]

1.d4 d5 2.c4 c6 3.Nf3 Nf6 4.Nc3 dxc4 5.a4 Bf5 6.e3 e6 7.Bxc4 Bb4 8.O-O O-O
9.Qe2 Bg4 10.Rd1 Nbd7 11.e4 h6 12.h3 Bh5 13.Bf4 Re8 14.Qe3 Nd5 15.Qc1 Nxf4
16.Qxf4 Qa5 17.Ne2 Rad8 18.e5 Nf8 19.g4 Bg6 20.h4 c5 21.h5 Bc2 22.Rdc1 Bh7
23.g5 hxg5 24.Nxg5 Re7 25.Rd1 cxd4 26.Nxh7 Nxh7 27.Rd3 Rc7 28.Rf3 Bd2 {#R} 0-1

[Event "It (open) (w)"]
[Site "masterchessopen.com Moscow (Russia)"]
[Date "2012.02.03"]
[Round "7"]
[White "Mirzoeva Elmira (RUS)"]
[Black "Ivakhinova Inna (RUS)"]
[Result "1-0"]
[WhiteElo "2214"]
[BlackElo "2291"]

1.d4 d5 2.Nf3 Nf6 3.c4 c6 4.Nc3 dxc4 5.a4 Bf5 6.e3 e6 7.Bxc4 Bb4 8.O-O O-O
9.Qe2 Ne4 10.Ne5 Nxc3 11.bxc3 Bxc3 12.Ra3 Ba5 13.e4 Bg6 14.Bb2 Nd7 15.Nxg6
hxg6 16.f4 Bb6 17.Kh1 Nf6 18.Rd3 Re8 19.g4 Qe7 20.g5 Nh5 21.Ba3 Qd7 22.Qg4
Rad8 23.f5 exf5 24.exf5 Kh8 25.Rh3 Bxd4 26.Rxh5+ gxh5 27.Qxh5+ Kg8 28.g6 c5
29.gxf7+ Kf8 30.Qh8+ Ke7 31.Re1+ {#r} 1-0

[Event "It (open)"]
[Site "masterchessopen.com Reykjavik (Iceland)"]
[Date "2012.03.07"]
[Round "2"]
[White "L'Ami Erwin (NED)"]
[Black "Henrikson Johan (SWE)"]
[Result "1-0"]
[WhiteElo "2596"]
[BlackElo "2308"]

1.d4 d5 2.c4 c6 3.Nf3 Nf6 4.Nc3 dxc4 5.a4 Bf5 6.e3 e6 7.Bxc4 Bb4 8.O-O O-O
9.Qe2 Ne4 10.Ne5 Nxc3 11.bxc3 Bxc3 12.Ra3 Bb4 13.Rb3 a5 14.e4 Bg6 15.Bb2 Nd7
16.Nxg6 hxg6 17.Rg3 Nf6 18.f4 Qd7 19.e5 Nd5 20.h4 Rfe8 21.h5 gxh5 22.Qxh5 g6
23.Bd3 Bf8 24.f5 Bg7 25.fxg6 f5 26.exf6 Nxf6 27.Rxf6 Bxf6 28.g7 Bxd4+ 29.Kh1
Bxb2 30.Bh7# 1-0

[Event "Ch Austria (juniors) (under 16)"]
[Site "masterchessopen.com Untersiebenbrunn (Austria)"]
[Date "2012.04.03"]
[Round "5"]
[White "Berger Tobias"]
[Black "Nussbaumer Laslo"]
[Result "1-0"]
[WhiteElo "1774"]
[BlackElo "1816"]

1.d4 d5 2.c4 c6 3.Nc3 Nf6 4.Nf3 dxc4 5.a4 Bf5 6.e3 e6 7.Bxc4 Bb4 8.O-O O-O
9.Qe2 Nbd7 10.e4 Bg4 11.e5 Ne8 12.Qe3 Nb6 13.Be2 Nd5 14.Nxd5 Qxd5 15.Rd1 Rd8
16.Ng5 Bxe2 17.Qxe2 h6 18.Nh3 Nc7 19.Nf4 Qa5 20.Nh5 Kh8 21.Qg4 Rg8 22.Rd3 c5
23.Bxh6 gxh6 24.Qf4 Rg5 25.Qf6+ Kh7 26.Qxf7+ Kh8 27.Qf6+ Kh7 28.Qxd8 Rxh5
29.Qe7+ Kg6 30.Qf6+ {#r} 1-0

[Event "It \"]
[Site "masterchessopen.com Bogota (Colombia)"]
[Date "2012.04.04"]
[Round "2"]
[White "Rodriguez Rueda Paula Andrea (COL)"]
[Black "Escobar Barona Juan Fernando (COL)"]
[Result "1-0"]
[WhiteElo "2219"]
[BlackElo "1994"]

1.d4 d5 2.c4 c6 3.Nf3 Nf6 4.Nc3 dxc4 5.a4 Bf5 6.e3 e6 7.Bxc4 Bb4 8.O-O O-O
9.Qe2 Nbd7 10.e4 Bg6 11.e5 Nd5 12.Bd2 Ba5 13.Bd3 Bb6 14.Ne4 Bc7 15.Neg5 Qe7
16.h4 c5 17.h5 Bxd3 18.Qxd3 g6 19.hxg6 fxg6 20.Rac1 Rad8 21.Qe4 b6 22.Qg4 Rde8
23.Ne4 cxd4 24.Bg5 Qg7 25.Qh3 Nxe5 26.Nxd4 Qd7 27.Rfd1 {#r} 1-0

[Event "It \"]
[Site "masterchessopen.com London (England)"]
[Date "2012.05.18"]
[Round "1"]
[White "Bonafont Philip (ENG)"]
[Black "Jones Richard S (WLS)"]
[Result "0-1"]
[WhiteElo "2098"]
[BlackElo "2395"]

1.d4 d5 2.Nf3 Nf6 3.c4 c6 4.Nc3 dxc4 5.a4 Bf5 6.e3 e6 7.Bxc4 Bb4 8.O-O O-O
9.Qe2 Bg6 10.Ne5 Nbd7 11.Nxg6 hxg6 12.Rd1 Qa5 13.Bd2 Rfd8 14.Be1 Rac8 15.e4 e5
16.dxe5 Nxe5 17.Bb3 Qb6 18.Qc2 a5 19.Kh1 Qa6 20.Kg1 Nd3 21.f3 Bc5+ 22.Kh1 Nxb2
23.Rxd8+ Rxd8 24.Bh4 Nd3 25.Ne2 g5 26.Bg3 Nh5 27.Bc4 Nxg3+ 28.hxg3 Rd6 29.Ng1
Bxg1 30.Kxg1 Qb6+ 31.Kf1 Qe3 32.Bxd3 Rh6 {#R} 0-1

[Event "Ch ASEAN (juniors) (under 20)"]
[Site "masterchessopen.com Hue (Vietnam)"]
[Date "2012.06.12"]
[Round "2"]
[White "Pimentel Joel"]
[Black "Bui Trong Hao (VIE)"]
[Result "1-0"]
[WhiteElo "2050"]
[BlackElo "2190"]

1.d4 d5 2.c4 c6 3.Nc3 Nf6 4.Nf3 dxc4 5.a4 Bf5 6.e3 e6 7.Bxc4 Bb4 8.O-O O-O
9.Qe2 Nbd7 10.e4 Bg6 11.Bd3 c5 12.e5 cxd4 13.exf6 dxc3 14.fxg7 Kxg7 15.Bxg6
hxg6 16.Qb5 Qe7 17.bxc3 Bd6 18.Rd1 Nc5 19.Be3 Rac8 20.h4 Rfd8 21.Re1 a6 22.Qe2
Qc7 23.h5 gxh5 24.Bd4+ Kf8 25.Ng5 e5 26.Qxh5 Nb3 27.Bb6 Qc4 28.Re4 Qd5 29.c4
Rxc4 30.Qh8+ {#r} 1-0

[Event "Ch ASEAN (juniors) (under 20) (g)"]
[Site "masterchessopen.com Hue (Vietnam)"]
[Date "2012.06.15"]
[Round "5"]
[White "Jelsen Yemi"]
[Black "Doan Thi Van Anh"]
[Result "0-1"]
[WhiteElo "2007"]
[BlackElo "1962"]

1.d4 d5 2.c4 c6 3.Nc3 dxc4 4.a4 Nf6 5.e3 Bf5 6.Bxc4 e6 7.Nf3 Bb4 8.O-O O-O
9.Qe2 Ne4 10.Nxe4 Bxe4 11.Ne5 Nd7 12.Nxd7 Qxd7 13.f3 Bg6 14.Rd1 Rad8 15.e4
Rfe8 16.Bg5 Rc8 17.Qf2 h6 18.Be3 Qc7 19.Bd3 Red8 20.f4 c5 21.Rac1 Bh5 22.Rf1
Qe7 23.f5 cxd4 24.Bxd4 Rxc1 25.Rxc1 e5 26.f6 Qxf6 27.Bxa7 Qxf2+ 28.Kxf2 Rxd3
{#R} 0-1

[Event "Tournament"]
[Site "masterchessopen.com Sulaymaniyah (Iraq)"]
[Date "2012.06.24"]
[Round "3"]
[White "Rawaz Omar Hama"]
[Black "Shayan Sabri (IRQ)"]
[Result "0-1"]
[WhiteElo "1984"]
[BlackElo "2109"]

1.d4 d5 2.c4 c6 3.Nf3 Nf6 4.Nc3 dxc4 5.a4 Bf5 6.e3 e6 7.Bxc4 Bb4 8.O-O O-O
9.Qe2 Nbd7 10.e4 Bg6 11.Na2 Be7 12.Nc3 a6 13.a5 Bb4 14.d5 exd5 15.exd5 Re8
16.Qd1 Qc7 17.dxc6 Qxc6 18.Qb3 Bd6 19.Be3 Rac8 20.Be2 Nc5 21.Qd1 Rcd8 22.Nd4
Qc8 23.b4 Ne6 24.Qb3 Nxd4 25.Bxd4 Bxh2+ 26.Kxh2 Rxd4 27.Bf3 Rd3 28.Rac1 Ne4
29.Nd5 Qb8+ {#R} 0-1

[Event "It (open) (b)"]
[Site "masterchessopen.com Amsterdam (Netherlands)"]
[Date "2012.07.16"]
[Round "3"]
[White "Harmsen Michiel"]
[Black "Van den Boogaart Jan Maar"]
[Result "1-0"]
[WhiteElo "2005"]
[BlackElo "1903"]

1.d4 d5 2.c4 c6 3.Nc3 Nf6 4.Nf3 dxc4 5.a4 Bf5 6.e3 e6 7.Bxc4 Bb4 8.O-O O-O
9.Qe2 Bg6 10.Ne5 Nbd7 11.Nxg6 hxg6 12.Rd1 Qa5 13.Qc2 e5 14.d5 Nb6 15.Bb3 Nbxd5
16.Ne4 Rad8 17.Ng5 Nh7 18.e4 Nxg5 19.Bxg5 Nf6 20.Qc4 Be7 21.Rxd8 Qxd8 22.Rd1
Qc7 23.Rd3 Ne8 24.Rg3 Bxg5 25.Rxg5 Qd6 26.Qc3 Qd4 27.Rxe5 Qxc3 28.bxc3 Nd6
29.Re7 Re8 30.Bxf7+ {#r} 1-0

[Event "It (open)"]
[Site "masterchessopen.com Schwarzach (Austria)"]
[Date "2012.08.19"]
[Round "2"]
[White "Kunin Vitaly (GER)"]
[Black "Lipok Christoph (GER)"]
[Result "1-0"]
[WhiteElo "2491"]
[BlackElo "2197"]

1.d4 d5 2.c4 c6 3.Nf3 Nf6 4.Nc3 dxc4 5.a4 Bf5 6.e3 e6 7.Bxc4 Bb4 8.O-O O-O
9.Qe2 Nbd7 10.e4 Bg6 11.Bd3 Bh5 12.e5 Nd5 13.Nxd5 cxd5 14.Qe3 Be7 15.Bd2 Nb8
16.Ne1 Nc6 17.Qh3 Bg6 18.Bxg6 hxg6 19.Nf3 Na5 20.Rad1 Rc8 21.Qg4 Re8 22.h4 Rc4
23.g3 Rxa4 24.Kg2 Qc7 25.Rc1 Rc4 26.h5 g5 27.Bxg5 Nb3 28.Bf6 Bf8 29.Rxc4 {#r}
1-0